Derecho civil. Primer año. Título preliminar de los Actos Jurídicos y de las Personas. Versiones taquigráficas tomadas en la clase de Derecho Civil del profesor Sr. Arturo Alessandri Rodríguez.
Guardat en:
| Autor principal: | |
|---|---|
| Altres autors: | |
| Format: | Llibre |
| Idioma: | anglès |
| Publicat: |
Santiago, Chile:
Zamorano y Caperán,
1941.
|
| Edició: | 3a. edición completada. |
| Matèries: | |
| Etiquetes: |
Afegir etiqueta
Sense etiquetes, Sigues el primer a etiquetar aquest registre!
|
MARC
| LEADER | 00000nam a22000007a 4500 | ||
|---|---|---|---|
| 003 | CL-VaPUC | ||
| 005 | 20220822114439.0 | ||
| 008 | 220323t1941 ||||| |||| 00| 0 eng d | ||
| 999 | |c 435060 |d 435058 | ||
| 040 | |c Pontificia Universidad Católica de Valparaíso | ||
| 082 | 7 | |a 346.015 ALE 1941 |2 22 | |
| 100 | |a Alessandri Rodríguez, Arturo |9 605353 |e autor | ||
| 245 | |a Derecho civil. Primer año. |b Título preliminar de los Actos Jurídicos y de las Personas. Versiones taquigráficas tomadas en la clase de Derecho Civil del profesor Sr. Arturo Alessandri Rodríguez. | ||
| 250 | |a 3a. edición completada. | ||
| 260 | |a Santiago, Chile: |b Zamorano y Caperán, |c 1941. | ||
| 300 | |a Tomo 1. | ||
| 500 | |a c.1 Tomo 1: Donación Familia Prof. Alejandro Guzmán Brito. En cubierta t.1: Con las disposiciones legales al día y notas revisadas por el Sr. Arturo Alessandri Rodríguez, Decano de la Facultad de Derecho de la Universidad de Chile. | ||
| 505 | |a t.1: Capítulos: - I. Introducción. - II. Del derecho. - III. De las personas. | ||
| 583 | |c 20220323 |k Yessy Stephany Diaz Vidal | ||
| 650 | |a Derecho civil |9 255013 | ||
| 650 | |a Personas |x Actos jurídicos |9 869926 | ||
| 700 | |a Gaete, Onias León |9 867599 |e edición | ||
| 942 | |2 ddc |c BK |n 0 | ||
| 952 | |0 0 |1 0 |2 ddc |4 0 |6 346_015000000000000_ALE_1941 |7 0 |8 C_AGB |9 582088 |a BIBDER |b BIBDER |d 2022-03-23 |e Donación |h t.1 |i 5650332 |o 346.015 ALE 1941 |p 5650332 |r 2023-01-25 |t 1 |w 2022-03-23 |y BK_US |k AGB | ||